000 00691cam a2200241 4500
008 090401t1987 xxu||||| |||| 00| 0 eng d
020 _a0851251951
035 _a(Sirsi) u9422
041 _aeng
050 _a693.97
110 _aBuilding Research Establishment
245 _aThorncliffe cast-iron panel houses.
260 _aGarston,Watford
_bBuilding Research Establishment
_c1987
300 _aiv,14p. : ill. ; 30cm.
350 _a8
490 _aBRE Building Renewal
_v111
650 _aBUILDING DEFECTS
650 _aPREFABRICATION
650 _aTHORNCLIFFE CAST-IRON PANEL HOUSES
690 _aBUILT ENVIRONMENT-BUILDING PATHOLOGY
942 _n0
948 _c04/03/1997
999 _c86634
_d86634